UBT Library

Economic games people play / (Record no. 43171)

000 -LEADER
fixed length control field 00601pam a2200217 a 4500
001 - CONTROL NUMBER
control field 3770162
005 - DATE AND TIME OF LATEST TRANSACTION
control field 20180222065014.0
008 - FIXED-LENGTH DATA ELEMENTS--GENERAL INFORMATION
fixed length control field 830613s1984 nyu b 001 0 eng
010 ## - LIBRARY OF CONGRESS CONTROL NUMBER
LC control number 83045260
020 ## - INTERNATIONAL STANDARD BOOK NUMBER
International Standard Book Number 0465017894 :
Terms of availability $16.95
040 ## - CATALOGING SOURCE
Original cataloging agency DLC
Transcribing agency DLC
Modifying agency DLC
041 ## - LANGUAGE CODE
Language code of text/sound track or separate title eng
080 ## - UNIVERSAL DECIMAL CLASSIFICATION NUMBER
Universal Decimal Classification number 330.019 mai
082 00 - DEWEY DECIMAL CLASSIFICATION NUMBER
Classification number 330.019 mai
Edition number 19
100 1# - Rafti
Rafti 52
101 ## - Shkurtesa
Shkurtesa eco
245 10 - TITLE STATEMENT
Title Economic games people play /
Statement of responsibility, etc Shlomo Maital & Sharone L. Maital.
504 ## - BIBLIOGRAPHY, ETC. NOTE
Bibliography, etc Includes bibliographical references and index.
906 ## - LOCAL DATA ELEMENT F, LDF (RLIN)
a 7
b cbc
c orignew
d 1
e ocip
f 19
g y-gencatlg
942 ## - ADDED ENTRY ELEMENTS (KOHA)
Source of classification or shelving scheme
Item type Books

No items available.

UBT Library © 2015-2024. All rights reserved University Education for Business and Technology